| 000 | 00588nam a2200217Ia 4500 | ||
|---|---|---|---|
| 003 | AR-RoIUNI | ||
| 005 | 20181122153628.0 | ||
| 008 | 150616s9999 xx 000 0 und d | ||
| 040 | _cIUNIR | ||
| 040 |
_dOCLC _cIUNIR |
||
| 080 | _a616-053.2 MAN | ||
| 245 | 1 |
_aManejo del paciente con diarrea _bCurso sobre habilidades de supervisión |
|
| 260 | _aSanta fe | ||
| 260 | _bOPS/OMS | ||
| 260 | _c1991 | ||
| 300 |
_a101 p. _c29 cm. |
||
| 500 | _aPrograma Salud Materno infantil control de enfermedades diarreicas | ||
| 650 | 1 | 0 |
_9125 _aPediatrÃa |
| 650 | 1 | 0 | _aDiarrea |
| 942 |
_cBK _2cdu |
||
| 999 |
_c533 _d533 |
||